000 00319nam a22001457a 4500
008 221014b ||||| |||| 00| 0 eng d
020 _a9780023956218
041 _aeng
080 _a159.9
082 _a159.9
100 _a24.1
101 _aPSI
245 _aMOTIVATION IN EDUCATION
_cPINTRICH P
942 _2udc
_cBK
999 _c58561
_d58561